Six Letter Geography - Z - Statistics

General Stats
  • This quiz has been taken 41 times
  • The average score is 5 of 10
Answer Stats
Hint Answer % Correct
Landlocked country in Africa Zambia
100%
Largest city in Switzerland Zurich
97%
Owner of Facebook and Meta Mark {Zucker}berg
95%
Capital city of Croatia Zagreb
95%
Former communist leader of China Mao {Zedong}
74%
Major mountain range in Iran Zagros
28%
A city in northwestern Slovakia Zilina
23%
A major city and region of Niger Zinder
15%
President of Honduras 2006-2009 Manuel {Zelaya}
5%
Former district of Ivory Coast Zanzan
5%
No matching quizzes found
Score Distribution
Percent of People with Each Score
Percentile by Number Answered
Your Score History
You have not taken this quiz